000 01714nam1a22003371i 4500
001 rc\4150956
005 20240921152720.0
021 _aRU
_b[46-15824]
035 _a(NLR Aleph) 008169749
090 _a7846893
_c7846893
100 _a20130415d1946 |||y0rusy50 ca
101 0 _arus
102 _aRU
105 _a g |||||
200 1 _aСправочник по основным материалам и запасным частям, потребляемым железнодорожным транспортом
_fПод ред.: канд. техн. наук Б.И. Левина, А.М. Зеренинова, инж. И.Е. Пузыня и инж. М.Л. Рудого. [I-II]
210 _aМосква
_cИзд-во и 4-я тип. Трансжелдориздата в Харькове
_d1946
215 _a2 т.
_d27
300 _aНа обороте тит. л. указаны составители: инженеры Барков В.П., Бухгалтер Ш.А., Горошков Н.Н. и др.
606 _aЖелезные дороги
_xМатериально-техническое снабжение
_jСправочники
_2psbo
702 1 _aРудой
_bМ.Л.
_4340
702 1 _aБарков
_bВ.П.
_4220
702 1 _aБухгалтер
_bШ.А.
_4220
702 1 _aГорошков
_bН.Н.
_4220
702 1 _aПузынь
_bИ.Е.
_4340
702 1 _4340
_7ca
_8rus
_aЛевин
_bБ. И.
_cканд. техн. наук, транспорт
_f1904-1976
_gБорис Иосифович
_9253700
_3RU\NLR\AUTH\770253756
702 1 _aЗеренинов
_bА.М.
_4340
801 0 _aRU
_bNLR
_gpsbo
801 1 _aRU
_bELAR
_2rusmarc
852 _aNLR
_jТ88 Г-7/20
942 _cBOOK